• 首页
  • 本馆介绍
  • 公告通知
  • 最新文献
  • 馆藏检索
  • 电子资源
  • 读者导购
  • 参考咨询
  • 我的图书馆
  • 登录
  • 详细信息显示
  • 放入我的书架
  • 预约/预借图书
  • 作者相关作品
  • 分类相关作品
  • 丛书相关作品
  • 出版社相关作品

书目信息

  • 表格格式
  • 工作单格式
  • 卡片格式
题名:
药物检测技术实训教程
    
 
作者: 王缨 主编
分册:  
出版信息: 济南   山东人民出版社  2014
页数: 144页
开本: 24cm
丛书名:
单 册:
中图分类: R927.1
科图分类:
主题词: 药品检定--教材 , 药品检定
电子资源:
ISBN: 978-7-209-08675-2
000 00895nam0 2200253 450
001 012015000025
005 20151130093504.12
010    @a978-7-209-08675-2@dCNY22.00
100    @a20140918d2014 em y0chiy50 ea
101 0  @achi
102    @aCN@b370000
105    @aa z 000yy
106    @ar
200 1  @a药物检测技术实训教程@Ayao wu jian ce ji shu shi xun jiao cheng@f王缨主编
210    @a济南@c山东人民出版社@d2014
215    @a144页@c图@d24cm
300    @a山东省名校建设成果系列教材 供药学相关专业使用
330    @a本书按项目编排,共分四个项目,包括检验前的准备、单项训练、药物制剂检查技术、综合训练;每个项目下面分成几个模块,每个模块按照教学目标、能力标准、基础知识、实际操作进行编排。
606 0  @a药品检定@j教材
606 0  @a药品检定
690    @aR927.1@v5
701  0 @a王缨@Awang ying@c(药品学)@4主编
801  0 @aCN@b碧洲教育@c20151127
905    @a10447@f4@dR927.1@e104
    
    药物检测技术实训教程/王缨主编.-济南:山东人民出版社,2014
    144页:图;24cm
    山东省名校建设成果系列教材 供药学相关专业使用
    
    ISBN 978-7-209-08675-2:CNY22.00
    本书按项目编排,共分四个项目,包括检验前的准备、单项训练、药物制剂检查技术、综合训练;每个项目下面分成几个模块,每个模块按照教学目标、能力标准、基础知识、实际操作进行编排。
●
相关链接 在E读中查询图书 在五车中查询图书 在当当中查询图书 在豆瓣中查询图书


正题名:药物检测技术实训教程     索取号:R927.1/104         预约/预借

序号 登录号 条形码 馆藏地/架位号 状态 备注
1 0871659   208716594   第二样本阅览室/ [索取号:R927.1/104] 在馆    
2 0871660   208716601   第三借阅区/ [索取号:R927.1/104] 在馆    
3 0871661   208716610   第三借阅区/ [索取号:R927.1/104] 在馆    
4 0871662   208716629   第三借阅区/ [索取号:R927.1/104] 在馆    
欢迎您!
大连网信软件有限公司© 版权所有